000 00409nam a2200157Ia 4500
999 _c523160
_d523160
005 20190129132316.0
008 190125s9999 xx 000 0 und d
020 _a9788131718889
040 _cDLC
082 _a621.4021
_bJOE
100 _aRayner Joel
_913420
245 _aBasic Engineering Thermodynamics /
260 _bPearson Education
_aNew Delhi
_c2011
300 _axii, 647p. :
942 _2ddc
_cBK